000
00296nam a2200133Ia 4500
008
240624s9999 xx 000 0 und d
041
_a
eng
082
_a
823 HAR
100
_a
HARRIS ROBERT
245
_a
LUSTRUM
260
_c
2010
_a
New Delhi
_b
Random House
300
_a
560 : p.
365
_c
RS
999
_c
17155
_d
17155